Lataa...

The Routledge Handbook of Literature and Space/

Bibliografiset tiedot
Muut tekijät: Robert T Tally (ed.)
Aineistotyyppi: Printed Book
Julkaistu: Oxon: Routledge, 2017.
Sarja:Routledge Handbooks
Aiheet:
LEADER 00731nam a22002057a 4500
020 |a 9781138816350 
082 |a 809.933 2  |b ROB/R 
245 |a The Routledge Handbook of Literature and Space/  |c by Robert T Tally (ed.) 
260 |a Oxon:  |b Routledge,  |c 2017. 
300 |a 375p. 
490 |a Routledge Handbooks 
650 |a Space Time  |9 178774 
650 |a Space Literature  |9 178775 
650 |a Geography Literature  |9 178776 
650 |a Literary Criticism  |9 178777 
650 |a Literature  |9 178778 
700 |a Robert T Tally (ed.)  |9 178779 
942 |c BK 
999 |c 142936  |d 142936 
952 |0 0  |1 0  |4 0  |6 R_809_933000000000000_2_ROB_R  |7 0  |9 99160  |a SSUS  |b SSUS  |c REF  |d 2019-09-25  |g 17442.00  |o R 809.933 2 ROB/R  |p 096329  |r 2019-09-25  |w 2019-09-25  |y REF